Name the North American countries by their flags - Statistics

General Stats
  • This quiz has been taken 3,337 times
  • The average score is 17 of 23
Answer Stats
Picture Answer % Correct
Canada
98%
Mexico
92%
Jamaica
91%
United States of America
91%
Cuba
86%
Barbados
85%
Dominican Republic
79%
Panama
79%
Costa Rica
76%
Antigua & Barbuda
74%
Honduras
74%
Belize
70%
St Lucia
70%
Trinidad & Tobago
69%
Dominica
68%
Guatemala
68%
Haiti
68%
Nicaragua
68%
El Salvador
67%
The Bahamas
65%
St Vincent and the Grenadines
63%
Grenada
61%
St Kitts and Nevis
61%
No matching quizzes found
Score Distribution
Percent of People with Each Score
Percentile by Number Answered
Your Score History
You have not taken this quiz